000 00639nam a2200229Ia 4500
003 OSt
005 20220926024816.0
006 a|||||r|||| 00| 0
007 ta
008 220923b |||||||| |||| 00| 0 eng d
037 _cGeneral Book
040 _aRTL
_cRTL
_beng
041 _2eng
_aeng
082 _aX9(M71:7).3,h, G2.1
100 _aConsitt Frances
_9331460
245 0 _aLondon weaver's company V1
260 _aOxford
_bClarendon Press
_c1932
300 _a343p
_ccm.
650 _aCotton Industry
_9229873
942 _hX9(M71:7).3,h, G2.1
_cGB
_2CC
999 _c645495
_d645495